000 01170nam a2200337 4500
001 0000015977
003 CO-CtgCURN
005 20250329191018.0
007 ta
008 160627s1996 000 0 eng d
020 _a9082882
040 _aCO-CtgCURN
_bspa
_ccoctgcurn
082 0 _a720.983
_bE39
100 1 _aMuñoz, Rodrigo.
245 1 0 _aEdward Rojas :
_bel reciclaje insular /
_cfotografias Rodrigo Muñoz ... [et al.] , colaboraron Renato Alvarado ... [et al.] , traducción Patricia Anzola.
260 _aBogotá :
_bUniandes Facultad de Arquitectura,
_c1996.
300 _a199 p.
336 _2rdacontent
337 _2rdamedia
_asin mediacion
_bn
338 _2rdacarrier
_avolumen
_bnc
490 1 _aColección somosur ;
_v18
500 _aGlosario p. 202 \ Incluye bibliografias.
600 1 0 _aRojas, Edward.
650 1 4 _aArquitectos
_ySiglo XX
_zChile.
650 1 4 _aArquitectura moderna
_ySiglo XX
_zAmerica Latina.
650 1 4 _aArquitectura moderna
_ySiglo XX
_zChile.
700 1 _aAlvarado, Renato.
908 _a160627
942 _cBK
_h720.983
_iE39
_2ddc
999 _c11137
_d11137